|
|
|
|
| LEADER |
00000nam0a2200000 4500 |
| 001 |
96939 |
| 005 |
20231031110733.0 |
| 021 |
|
|
|a RU
|b 05-88550
|9 05-4376
|
| 035 |
|
|
|a (RuTPU)RU\TPU\book\103849
|
| 090 |
|
|
|a 96939
|
| 100 |
|
|
|a 20060522d2005 m y0rusy5002 ca
|
| 101 |
0 |
|
|a rus
|
| 102 |
|
|
|a RU
|
| 105 |
|
|
|a a j 001zy
|
| 200 |
1 |
|
|a Проектирование тиристорного преобразователя частоты регулируемого электропривода переменного тока
|e учебно-методическое пособие
|f Ю. Г. Соколов [и др.]
|
| 210 |
|
|
|a Казань
|c Изд-во Казан. гос. технол. ун-та
|d 2005
|
| 215 |
|
|
|a 108 с.
|c ил.
|d 20 см.
|
| 320 |
|
|
|a Библиогр.: с. 78.
|
| 330 |
|
|
|a Изложены рекомендации по выбору варианта структурной схемы, а также методика расчета и выбора основных узлов и элементов тиристорного преобразователя частоты, предназначенного для работы в составе регулируемого электропривода переменного тока. Предназначено для студентов, обучающихся по специальности 180400 - «Электропривод и автоматика промышленных установок и технологических комплексов», может быть использовано при курсовом и дипломном проектировании. Подготовлено на кафедре электропривода и электротехники.
|
| 610 |
1 |
|
|a электроприводы переменного тока
|
| 610 |
1 |
|
|a тиристоры
|
| 610 |
1 |
|
|a проектирование
|
| 610 |
1 |
|
|a регулируемые электроприводы
|
| 610 |
1 |
|
|a инверторы
|
| 610 |
1 |
|
|a расчет
|
| 610 |
1 |
|
|a тиристоры
|
| 610 |
1 |
|
|a конденсаторы
|
| 610 |
1 |
|
|a выпрямители
|
| 610 |
1 |
|
|a радиаторы
|
| 610 |
1 |
|
|a тепловой расчет
|
| 610 |
1 |
|
|a курсовое проектирование
|
| 610 |
1 |
|
|a оформление
|
| 610 |
1 |
|
|a защита
|
| 610 |
1 |
|
|a учебные пособия
|
| 675 |
|
|
|a 621.314.26(075.8)
|v 3
|z rus
|
| 701 |
|
1 |
|a Соколов
|b Ю. Г.
|
| 701 |
|
1 |
|a Цвенгер
|b И. Г.
|
| 701 |
|
1 |
|a Макаров
|b В. Г.
|
| 701 |
|
1 |
|a Шишков
|b В. К.
|
| 701 |
|
1 |
|a Валиуллин
|b Р. Р.
|
| 801 |
|
0 |
|a RU
|b RKP
|c 20060227
|g PSBO
|
| 801 |
|
1 |
|a RU
|b 63413507
|c 20060522
|g PSBO
|
| 801 |
|
2 |
|a RU
|b 63413507
|c 20091106
|g PSBO
|
| 900 |
|
|
|a Проектирование электротехнических устройств
|
| 942 |
|
|
|c BK
|